000
00282nam a2200109Ia 4500
008
201217s9999 xx 000 0 und d
100
_a
Doyle, Peter and Hart, Norman A
245
0
_a
Case stuied in International marketing
260
_a
London
_b
Heinemann
300
_a
391
942
_c
BK
999
_c
7112
_d
7112